000 01465cam a22004097a 4500
003 CHAP
005 20220329141836.0
008 971203d1997 mx r 00110 spa d
010 _a74661
011 _a75633
035 _a85199
040 _cCHAP
090 _aTesis
100 0 0 _aMartínez Nieves, Alberto.
_972342
245 1 3 _aLa agrobiotecnología en México
_c/por Alberto Martínez Nieves
260 _aChapingo, Méx. :
_bEl autor,
_c1997.
300 _a274 h.
502 _aTesis (M. C. en Economía del Desarrollo Rural) -- UACH. Departamento de Economía Agrícola
590 _aALEPH
_b10
_c20130110
_lUCH01
_h1420
590 _aBATCH-UPD
_b10
_c20130110
_lUCH01
_h1016
590 _aBATCH-UPD
_b10
_c20130410
_lUCH01
_h0623
590 _aBATCH-UPD
_b10
_c20130913
_lUCH01
_h2106
590 _aBATCH-UPD
_b10
_c20130914
_lUCH01
_h1747
590 _aCONVERSION
_b10
_c20130109
_lUCH01
_h1341
650 1 4 _aAgricultura
_xInvestigación
_xMéxico.
_91643
650 1 4 _aBiotecnología.
_912878
650 2 4 _aAgricultura
_xInnovaciones tecnológicas.
_91565
650 2 4 _aMaíz
_xAspectos económicos.
_970865
650 2 4 _aPolítica científica
_xMéxico.
_990467
650 2 4 _aPolítica tecnológica
_xMéxico.
_990714
650 2 4 _aTrigo
_xAspectos económicos.
_9114967
901 _aBK
911 _aLilia Sánchez G.
942 _cFOLL
949 _bBC
_cTES
_d33724000636866
_eTS2
_fc.2
_h31452
_i85199
_si
949 _bBC
_cTES
_d851991
_eTS1
_h31451
_i85199
_sb
999 _c74661
_d74661